Business research methods / (Record no. 85265)

MARC details
000 -LEADER
fixed length control field 00613nam a22001937a 4500
005 - DATE AND TIME OF LATEST TRANSACTION
control field 20140808115937.0
010 ## - LCCN (DPL NO)
LC control number ENG-110270
020 ## - INTERNATIONAL STANDARD BOOK NUMBER
International Standard Book Number 9789350979969
Terms of availability 170.00
035 ## - SYSTEM CONTROL NUMBER
System control number EN-93802
037 ## - SOURCE OF ACQUISITION
Source of stock number/acquisition DBAD/PUB
082 ## - DEWEY DECIMAL CLASSIFICATION NUMBER
Classification number 658.0072
100 ## - MAIN ENTRY--PERSONAL NAME
Personal name Krishnaswami, O.R.
245 ## - TITLE STATEMENT
Title Business research methods /
Statement of responsibility, etc by O.R.Krishnaswami [and] B.G. Satyaprasad
260 ## - PUBLICATION, DISTRIBUTION, ETC. (IMPRINT)
Place of publication, distribution, etc Mumbai
Name of publisher, distributor, etc Himalaya Publishing House
Date of publication, distribution, etc 2013(repr.)
270 ## - ADDRESS
Address Ramdoot, Dr. Bhalerao Marg, Girgaon
City Mumbai
Postal code 400004
300 ## - PHYSICAL DESCRIPTION
Extent 220p.:
Dimensions 24cm(pbk)
Other physical details ill.
700 ## - ADDED ENTRY--PERSONAL NAME
Personal name Satyaprasad, B.G.
942 ## - ADDED ENTRY ELEMENTS (KOHA)
Source of classification or shelving scheme Dewey Decimal Classification
Item type English Books
Call number suffix KRI
Classification part 658.0072
Holdings
Withdrawn status Lost status Not for loan Collection code Home library Current library Date acquired Source of acquisition Cost, normal purchase price Full call number Barcode Copy number Cost, replacement price Koha item type
    Not For Loan Non-fiction D.B.Act.Division D.B.Act.Division 26/06/2014 ENG-110270 170.00 658.0072 KRI EN-93802 1 170.00 English Books

© Delhi Public Library
Hit Counter
free hit counter